Work, training and teaching abroad (Record no. 496081)

000 -LEADER
fixed length control field 00448cam a22001097a 4500
008 - FIXED-LENGTH DATA ELEMENTS--GENERAL INFORMATION
fixed length control field 180718b xxu||||| |||| 00| 0 eng d
082 ## - DEWEY DECIMAL CLASSIFICATION NUMBER
Classification number R5 Un3w
245 ## - TITLE STATEMENT
Title Work, training and teaching abroad
Statement of responsibility, etc. by United Nations Educational, Scientific and Cultural Organisation
260 ## - PUBLICATION, DISTRIBUTION, ETC.
Place of publication, distribution, etc. Paris
Name of publisher, distributor, etc. United Nations Educational, Scientific and Cultural Organisation
Date of publication, distribution, etc.
300 ## - PHYSICAL DESCRIPTION
Extent 33p
700 ## - ADDED ENTRY--PERSONAL NAME
Personal name France. United Nations Educational, Scientific and Cultural Organisation
Holdings
Withdrawn status Lost status Damaged status Not for loan Permanent Location Current Location Date acquired Full call number Barcode Date last seen Price effective from Koha item type
        Indian Institute of Public Administration Indian Institute of Public Administration 2018-08-04 R5 Un3w GG9924 2018-08-04 2018-08-04 GG

Powered by Koha